000 00642nam a2200181Ia 4500
008 090630s9999 xx 000 0 und d
082 _b28356
100 _aटिळेकर चंद्रसेन.
245 _aरतीनिती कथा.
_cटिळेकर चंद्रसेन.
260 _bअनुबंध - पुणे.
_c2007
300 _a215
600 _aटिळेकर चंद्रसेन.
630 _aरतीनिती कथा.
655 _aलघुकथा.
700 _aटिळेकर चंद्रसेन.
730 _aरतीनिती कथा.
942 _cBOOK
999 _c280212
_d280212